| 000 | 00516nam a2200181 i 4500 | ||
|---|---|---|---|
| 001 | 112783 | ||
| 003 | ES-MaACL | ||
| 005 | 20250718062540.0 | ||
| 007 | t| | ||
| 008 | 061121m19001980sp r ||||1| spa d | ||
| 100 | 1 |
_aNietzsche, Friedrich, _d1844-1900 _985718 |
|
| 245 | 1 | 3 |
_aLa genealogía de la moral / _cFriedrich Nietzsche. |
| 260 |
_aMadrid : _b[s.n.], _c[19__?] ( _fAvrial impresor) |
||
| 300 |
_a139 p. ; _c23 cm. |
||
| 650 | 7 |
_aÉtica _2embne _912577 |
|
| 852 |
_aES-MaACL _jF-14969 |
||
| 999 |
_c112783 _d112783 |
||